KOHA-Header-6

The Seven Deadly Skills of Computing (Record no. 9401)

000 -LEADER
fixed length control field 00274nam a2200109Ia 4500
100 ## - MAIN ENTRY--AUTHOR NAME
Personal name Helen Wylie
245 #4 - TITLE STATEMENT
Title The Seven Deadly Skills of Computing
260 ## - PUBLICATION, DISTRIBUTION, ETC. (IMPRINT)
Place of publication New Jersey
Name of publisher Prentice Hall
Year of publication 2000
300 ## - PHYSICAL DESCRIPTION
Number of Pages 398
942 ## - ADDED ENTRY ELEMENTS (KOHA)
Koha item type Books
Holdings
Withdrawn status Lost status Collection code Permanent Location Current Location Shelving location Date acquired Full call number Accession Number Koha item type
    Management MAJU MAJU   2019-09-14 891.4309 5115 Management

Powered by Koha